USME Step 1: Pharmacology lecture notes: 2006-2007 edition
Saved in:
| Main Author: | |
|---|---|
| Format: | Book |
| Language: | English |
| Published: |
Kaplan Medical,
2006
|
| Tags: |
Add Tag
No Tags, Be the first to tag this record!
|
MARC
| LEADER | 00000nam a22000007a 4500 | ||
|---|---|---|---|
| 008 | 210121b ||||| |||| 00| 0 eng d | ||
| 100 | |a RAYMON, Lionel P | ||
| 245 | |a USME Step 1: |b Pharmacology lecture notes: 2006-2007 edition |c Lionel P. Raymon |g ix, 343p.; ill. | ||
| 260 | |b Kaplan Medical, |c 2006 |h [USA] |i 687206 |l RM301.13 .R21 |m Pharmacology – Examinations, questions, etc. |m Physicians – Licenses – United States – Examinations – Study guides. | ||
| 500 | |a “It includes index” | ||
| 942 | |a lcc |c BK |e Adeniran, F. A |f 21/01/2021 | ||
| 952 | |0 0 |1 0 |2 lcc |4 0 |6 RM030113 R21 |7 0 |9 1361 |a HOL |b HOL |c QZ |d 2021-01-21 |l 0 |o RM301.13 .R21 |p 2021-0166 |r 2021-01-21 00:00:00 |w 2021-01-21 |y BK | ||
| 999 | |c 696 |d 696 | ||